Journey through global civilisation (Record no. 1678626)

MARC details
000 -LEADER
fixed length control field 00668nam a22002297a 4500
005 - DATE AND TIME OF LATEST TRANSACTION
control field 20260204120017.0
008 - FIXED-LENGTH DATA ELEMENTS--GENERAL INFORMATION
fixed length control field 260204b |||||||| |||| 00| 0 eng d
020 ## - INTERNATIONAL STANDARD BOOK NUMBER
International Standard Book Number 978-93-6200-898-5
037 ## - SOURCE OF ACQUISITION
Terms of availability TB
040 ## - CATALOGING SOURCE
Original cataloging agency CL
Transcribing agency CL
041 ## - LANGUAGE CODE
Source of code eng
Language code of text/sound track or separate title eng
084 ## - COLON CLASSIFICATION NUMBER
Classification number Y:1v1 R5
Assigning agency CRL
100 ## - MAIN ENTRY--PERSONAL NAME
Personal name Madam, Sivadas Swami
9 (RLIN) 1113598
245 ## - TITLE STATEMENT
Title Journey through global civilisation
260 ## - PUBLICATION, DISTRIBUTION, ETC.
Place of publication, distribution, etc. Odisha, India:
Name of publisher, distributor, etc. INKDEW Publication,
Date of publication, distribution, etc. 2025.
300 ## - PHYSICAL DESCRIPTION
Extent vi, 464p.
365 ## - TRADE PRICE
Price amount INR
Currency code 499
650 ## - SUBJECT ADDED ENTRY--TOPICAL TERM
Topical term or geographic name entry element Civilization
9 (RLIN) 1113599
650 ## - SUBJECT ADDED ENTRY--TOPICAL TERM
Topical term or geographic name entry element Sociology
9 (RLIN) 1113600
942 ## - ADDED ENTRY ELEMENTS (KOHA)
Source of classification or shelving scheme Colon Classification (CC)
Koha item type Textbook
Classification part Y:1v1 R5
Suppress in OPAC No
Holdings
Withdrawn status Lost status Source of classification or shelving scheme Damaged status Not for loan Home library Current library Date acquired Source of acquisition Cost, normal purchase price Total Checkouts Full call number Barcode Date last seen Price effective from Koha item type
    Colon Classification (CC)     Central Library Central Library 2026-02-04 Gift 499.00   Y:1v1 R5 CL1700280 2026-02-04 2026-02-04 Textbook
Copyright @ Delhi University Library System